|
|
|
|
| LEADER |
00000cam a2200000 4500 |
| 001 |
vtls012235174 |
| 003 |
SK-MaSNL |
| 005 |
20260301164437.0 |
| 008 |
230718s2020 xo f n 000 0 slo |
| 015 |
|
|
|a SNBA2023/09
|
| 020 |
|
|
|a 9788089979202
|q (viazané)
|
| 040 |
|
|
|a SNK
|b slo
|c SNK
|e rda
|
| 041 |
0 |
|
|a slo
|
| 044 |
|
|
|a xo
|c SK
|
| 072 |
|
7 |
|a duchovná literatúra pôvodná (slovenská)
|2 lita
|
| 080 |
|
|
|a 27-564
|2 2011
|
| 080 |
|
|
|a (0:82-5)
|2 2011
|
| 100 |
1 |
|
|a Zemko, Pavol,
|d 1964-
|4 aut
|9 92629
|
| 245 |
1 |
0 |
|a Materiálna homiletika a homílie na rok B
|c Pavol Zemko
|
| 250 |
|
|
|a Prvé vydanie
|
| 264 |
|
1 |
|a Trnava
|b Ivona Matúšová
|c 2020
|
| 300 |
|
|
|a 161 strán
|c 22 cm
|
| 336 |
|
|
|a text
|b txt
|2 rdacontent
|
| 337 |
|
|
|a bez média
|b n
|2 rdamedia
|
| 338 |
|
|
|a zväzok
|b nc
|2 rdacarrier
|
| 504 |
|
|
|a Obsahuje bibliografické odkazy
|
| 650 |
0 |
7 |
|a cirkevný rok
|2 SNKPH
|9 739
|
| 650 |
0 |
7 |
|a Church year
|2 SNKPHeng
|9 265839
|
| 655 |
|
7 |
|a homílie
|2 SNKPH
|9 74473
|
| 655 |
|
7 |
|a Homilies
|2 SNKPHeng
|9 239430
|
| 852 |
|
|
|a Slovenská národná knižnica
|
| 919 |
|
|
|a 978-80-89979-20-2
|
| 954 |
|
|
|a duchovná literatúra pôvodná (slovenská)
|2 lita
|
| 958 |
|
|
|a NB
|
| 958 |
|
|
|a NT
|
| 999 |
|
|
|c 820643
|d 822573
|
| 952 |
|
|
|a SNK
|b SNK
|y PREZ
|7 0
|p 17A1530489
|o snkSC 202953
|i snk2023/11025
|8 0
|0 0
|1 0
|4 0
|d 2023-07-18
|l 0
|r 2025-10-27 00:00:00
|w 2026-02-24
|
| 952 |
|
|
|a SNK
|b SNK
|y VYP
|7 0
|p 17A1530490
|o snkSC 202953 D1
|i snk2023/11026
|8 0
|0 0
|1 0
|4 0
|d 2023-07-18
|l 0
|r 2026-02-24 03:05:06
|w 2026-02-24
|